Nghiên cứu các nhân tố ảnh hưởng đến sự trung thành của khách hàng đối với dịch vụ thông tin di động trả sau tại Đồng bằng sông Cửu Long : Luận văn Thạc sĩ Kinh tế. Chuyên ngành Quản trị kinh doanh

Đề tài xác định các nhân tố ảnh hưởng đến sự trung thành của khách hàng đối với dịch vụ thông tin di động trả sau tại ĐBSCL, đề xuất các giải pháp duy trì, gia tăng khách hàng trung thành với dịch vụ thông tin di động trả sau nhằm giúp cho doanh...

全面介绍

Đã lưu trong:
书目详细资料
主要作者: Nguyễn, Thị Thùy Linh
格式: 图书
语言:Undetermined
出版: Cần Thơ Trường Đại học Cần Thơ 2015
主题:
标签: 添加标签
没有标签, 成为第一个标记此记录!
Thư viện lưu trữ: Trung tâm Học liệu Trường Đại học Cần Thơ
LEADER 01383nam a2200217Ia 4500
001 CTU_201166
008 210402s9999 xx 000 0 und d
082 |a 658.8342 
082 |b L312 
088 |a 60340102 
100 |a Nguyễn, Thị Thùy Linh 
245 0 |a Nghiên cứu các nhân tố ảnh hưởng đến sự trung thành của khách hàng đối với dịch vụ thông tin di động trả sau tại Đồng bằng sông Cửu Long : 
245 0 |b Luận văn Thạc sĩ Kinh tế. Chuyên ngành Quản trị kinh doanh 
245 0 |c Nguyễn Thị Thùy Linh ; Lưu Tiến Thuật (Cán bộ hướng dẫn) 
260 |a Cần Thơ 
260 |b Trường Đại học Cần Thơ 
260 |c 2015 
520 |a Đề tài xác định các nhân tố ảnh hưởng đến sự trung thành của khách hàng đối với dịch vụ thông tin di động trả sau tại ĐBSCL, đề xuất các giải pháp duy trì, gia tăng khách hàng trung thành với dịch vụ thông tin di động trả sau nhằm giúp cho doanh nghiệp tại ĐBSCL luôn tăng trưởng bền vững. 
650 |a Quan hệ khách hàng,Customer relation 
910 |a Khoa,Hải 
980 |a Trung tâm Học liệu Trường Đại học Cần Thơ